00613 2200193 4500001002100000005001500021035002000036007000300056008004100059082000700100084001300107100002300120245016600143250001000309260004600319300002800365600001100393990001500404INLIS00000000000988820260415084753 a0010-0426000231ta260415 g 0 chi  a11 a11 FAR m0 aFARAZ DHONI ALFIAN1 aMANAJEMEN PENGELOLAAN STANDAR OPERASI ONAL PROSEDUR DALAM EMERGENCY ANTARA AIRNAV INDONESIA DAN ANGKASA PURA INDONESIA CABANG PALANGKA RAYA /cFARAZ DHONI ALFIAN aCet 1 aPalangka Raya :bPerpustakaan UMPR,c2025 axxxiii, 76 hlm :bilus. 4aJURNAL a2411131960